000
00286nam a2200121Ia 4500
005
20251222141823.0
008
251222s9999||||xx |||||||||||||| ||spa||
082
_a
780.1/V23
100
_a
Valls Gorina, Manuel
245
0
_a
Aproximación a la Música:
264
_b
Salvat
942
_c
LIB
999
_c
6876
_d
6876